000 00304nam a22001337a 4500
008 170511b xxu||||| |||| 00| 0 eng d
020 _a0735520208
041 _aeng
080 _24TH
_a34
100 _a15
101 _aSHJ
245 _aTHE LAW OF DEBITORS AND CREDITORS
_cWARREN, E
942 _2udc
_cBK
999 _c13111
_d13111